000 00641nam a2200193Ia 4500
003 GCL
008 140319s9999 xx 000 0 ara d
040 _aGCL /
_cGCL
082 0 4 _a859
_bب م
100 1 _aبانوش، ماريا
245 1 0 _aمن ام رومانية الى امريكا /
_cبانوش، ماريا
700 1 _aتوفيق حنا
700 1 _aمحمد طلبة ابراهيم
490 _aالهيئة العامة للاستعلامات
_v0
650 0 4 _aالادب الرومانى
650 0 4 _aالشعر الرومانى
650 0 4 _aالشعر الرومانى - العصر الحديث
942 _2ddc
_cBK
999 _c50945
_d50945